La metamorfosis o el asno de oro /
Lucio Apuleyo, escritor latino nacido hacia el año 125 d.C en Madaura, colonia romana, hoy Mdaourouch, Argelia; su formación académica lo realizó en Cartago y Atenas. Entre sus obras literarias se encuentran La metamorfósis o El asno de oro, Apología o De magia y Flórida; en las filosóficas están De...
保存先:
| 第一著者: | |
|---|---|
| フォーマット: | 図書 |
| 言語: | スペイン語 |
| 出版事項: |
Barcelona, España :
Joaquín Gil,
1946, c1946
|
| シリーズ: | (Obras Maestras Joaquín Gil)
|
| 主題: | |
| タグ: |
タグなし, このレコードへの初めてのタグを付けませんか!
|
MARC
| LEADER | 00000nam^a2200000^a^4500 | ||
|---|---|---|---|
| 001 | 000385058 | ||
| 005 | 20250521000000.0 | ||
| 009 | 20260310120921.796 | ||
| 037 | |a Acervo Xavier Clavigero | ||
| 041 | |a ESP | ||
| 082 | |a 878. |b APU | ||
| 100 | |a Apuleyo, Lucio |e (autor) | ||
| 240 | 1 | 4 | |a [La metamorfosis o el asno de oro] |
| 240 | 1 | 1 | |a [Flórida] |
| 240 | 1 | 4 | |a [El demonio de Sócrates] |
| 245 | 1 | 3 | |a La metamorfosis o el asno de oro / |c L. Apuleyo ; tr. por Diego López de Cortegana, Jaime Ardal. |
| 264 | 4 | |a Barcelona, España : |b Joaquín Gil, |c 1946, c1946 | |
| 300 | |a 312 p. | ||
| 336 | |a texto |b txt |2 rdacontenido | ||
| 337 | |a sin mediación |b n |2 rdamedio | ||
| 338 | |a volumen |b nc |2 rdasoporte | ||
| 440 | 1 | |a (Obras Maestras Joaquín Gil) | |
| 520 | |a Lucio Apuleyo, escritor latino nacido hacia el año 125 d.C en Madaura, colonia romana, hoy Mdaourouch, Argelia; su formación académica lo realizó en Cartago y Atenas. Entre sus obras literarias se encuentran La metamorfósis o El asno de oro, Apología o De magia y Flórida; en las filosóficas están De deo Socratis, De dogmate Platonis y De mundo. | ||
| 649 | |a XX | ||
| 650 | |a Magia | ||
| 650 | |a Filosofía de la Naturaleza | ||
| 650 | |a Escuela Platónica (Academia) - |x Historia y Crítica - |x Tema Principal | ||
| 650 | |a Socráticos - |x Historia y Crítica | ||
| 650 | |a Filosofía Latina | ||
| 650 | |a Filosofía Clásica | ||
| 650 | |a Novela Latina | ||
| 650 | |a Novela Clásica | ||
| 650 | |a Literatura Latina - |y Siglo II | ||
| 650 | |a Literatura Clásica - |y Siglo II | ||
| 650 | |a Magia en la Literatura | ||
| 650 | |a Sócrates | ||
| 910 | |a Fondo General | ||
| 920 | |a Impresos - Libros | ||
| 930 | |a Colección General | ||
| 940 | |a Literatura | ||
| 905 | |a 101 | ||
| 901 | |a 057763 |b IT1 |c LIT |u 20250521 | ||
| 902 | |a https://opac.biblio.iteso.mx/vufind/Record/000385058 | ||